000 00312nam a22001217a 4500
008 180215b xxu||||| |||| 00| 0 eng d
041 _aeng
080 _a33
100 _a52
101 _aEKO
245 _aMinimum risk strategy for acquiring communications equipment and services
_cMuller,N.J
942 _2udc
_cBK
999 _c42658
_d42658